LEADER 01112nam1 2200301 i 450 001 SBL0534807 005 20251003044356.0 020 $aIT$b668354 100 $a20120314d1966 ||||0itac50 ba 101 | $aita 102 $ait 181 1$6z01$ai $bxxxe 182 1$6z01$an 200 1 $aScritti di diritto pubblico$fDonato Donati$graccolti a cura delle Università di Modena e di Padova nel 20. anniversario della morte dell'autore 210 $aPadova$cCEDAM$d1966 215 $a2 v.$d25 cm. 463 1$1001URB0253655$12000 $a1$fDonato Donati$v1 463 1$1001URB0253656$12000 $a2$fDonato Donati$v2 700 1$aDonati$b, Donato$f <1880-1946>$3CFIV008496$4070$0771557 712 02$aUniversità degli studi$c $3CFIV071176 791 02$aRegia Università degli studi$c $3RMGV008860$zUniversità degli studi 801 3$aIT$bIT-000000$c20120314 850 $aIT-BN0095 $aIT-AV0002 901 $bNAP AI$cBIBLIOTECA$n$ 912 $aSBL0534807 977 $a AI 996 $aScritti di diritto pubblico$91574524 997 $aUNISANNIO